<?xml version="1.0" encoding="UTF-8"?>
<record
    xmlns:xsi="http://www.w3.org/2001/XMLSchema-instance"
    xsi:schemaLocation="http://www.loc.gov/MARC21/slim http://www.loc.gov/standards/marcxml/schema/MARC21slim.xsd"
    xmlns="http://www.loc.gov/MARC21/slim">

  <leader>00709nam a22001577a 4500</leader>
  <controlfield tag="003">OSt</controlfield>
  <controlfield tag="005">20151104150933.0</controlfield>
  <controlfield tag="008">151104b        xxu||||| |||| 00| 0 eng d</controlfield>
  <datafield tag="040" ind1=" " ind2=" ">
    <subfield code="c">RUA</subfield>
  </datafield>
  <datafield tag="082" ind1=" " ind2=" ">
    <subfield code="a">FOR SOK 1997 B123 Or.1</subfield>
  </datafield>
  <datafield tag="100" ind1=" " ind2=" ">
    <subfield code="9">3353</subfield>
    <subfield code="a">SOK, SAMNANG.</subfield>
  </datafield>
  <datafield tag="245" ind1=" " ind2=" ">
    <subfield code="a">Community forestry : study to identify minimum condition for successful project intervention, &#x1791;&#x179F;&#x17D2;&#x179F;&#x1793;&#x17C8;&#x179C;&#x17B7;&#x179F;&#x17D0;&#x1799;&#x179B;&#x17BE;&#x179B;&#x17D0;&#x1780;&#x17D2;&#x1781;&#x1781;&#x17D0;&#x178E;&#x17D2;&#x178C;&#x1798;&#x17BD;&#x1799;&#x1785;&#x17C6;&#x1793;&#x17BD;&#x1793;&#x179F;&#x17C6;&#x179A;&#x17B6;&#x1794;&#x17CB;&#x1794;&#x1784;&#x17D2;&#x1780;&#x17A2;&#x17C4;&#x1799;&#x1791;&#x1791;&#x17BD;&#x179B;&#x1787;&#x17C4;&#x1782;&#x1787;&#x17D0;&#x1799;&#x1780;&#x17D2;&#x1793;&#x17BB;&#x1784;&#x1782;&#x17C6;&#x179A;&#x17C4;&#x1784;&#x17A2;&#x1797;&#x17B7;&#x179C;&#x178C;&#x17D2;&#x178D;&#x1793;&#x17CD;&#x179F;&#x17A0;&#x1782;&#x1798;&#x1793;&#x17CD;&#x1796;&#x17D2;&#x179A;&#x17C3;&#x1788;&#x17BE;</subfield>
  </datafield>
  <datafield tag="260" ind1=" " ind2=" ">
    <subfield code="a">Phnom Penh</subfield>
    <subfield code="b">RUA</subfield>
    <subfield code="c">1997</subfield>
  </datafield>
  <datafield tag="300" ind1=" " ind2=" ">
    <subfield code="a">49p.</subfield>
    <subfield code="b">ill.</subfield>
    <subfield code="c">29cm.</subfield>
  </datafield>
  <datafield tag="942" ind1=" " ind2=" ">
    <subfield code="2">ddc</subfield>
    <subfield code="c">FOR</subfield>
  </datafield>
  <datafield tag="999" ind1=" " ind2=" ">
    <subfield code="c">3126</subfield>
    <subfield code="d">3126</subfield>
  </datafield>
  <datafield tag="952" ind1=" " ind2=" ">
    <subfield code="0">0</subfield>
    <subfield code="1">0</subfield>
    <subfield code="2">ddc</subfield>
    <subfield code="4">0</subfield>
    <subfield code="6">FOR_SOK_1997_000000000000000_B123_OR_1</subfield>
    <subfield code="7">0</subfield>
    <subfield code="9">14748</subfield>
    <subfield code="a">LBB</subfield>
    <subfield code="b">LBB</subfield>
    <subfield code="c">B123</subfield>
    <subfield code="d">2015-11-04</subfield>
    <subfield code="o">FOR SOK 1997 B123 Or.1</subfield>
    <subfield code="p">RUA034259</subfield>
    <subfield code="r">2015-11-04</subfield>
    <subfield code="w">2015-11-04</subfield>
    <subfield code="y">FOR</subfield>
  </datafield>
  <datafield tag="952" ind1=" " ind2=" ">
    <subfield code="0">0</subfield>
    <subfield code="1">0</subfield>
    <subfield code="2">ddc</subfield>
    <subfield code="4">0</subfield>
    <subfield code="6">FOR_SOK_1997_000000000000000_B123_OR_2</subfield>
    <subfield code="7">0</subfield>
    <subfield code="9">14749</subfield>
    <subfield code="a">LBB</subfield>
    <subfield code="b">LBB</subfield>
    <subfield code="c">B123</subfield>
    <subfield code="d">2015-11-04</subfield>
    <subfield code="o">FOR SOK 1997 B123 Or.2</subfield>
    <subfield code="p">RUA034551</subfield>
    <subfield code="r">2015-11-04</subfield>
    <subfield code="w">2015-11-04</subfield>
    <subfield code="y">FOR</subfield>
  </datafield>
  <datafield tag="952" ind1=" " ind2=" ">
    <subfield code="0">0</subfield>
    <subfield code="1">0</subfield>
    <subfield code="2">ddc</subfield>
    <subfield code="4">0</subfield>
    <subfield code="6">FOR_SOK_1997_000000000000000_B123_OR_3</subfield>
    <subfield code="7">0</subfield>
    <subfield code="9">14750</subfield>
    <subfield code="a">LBB</subfield>
    <subfield code="b">LBB</subfield>
    <subfield code="c">B123</subfield>
    <subfield code="d">2015-11-04</subfield>
    <subfield code="o">FOR SOK 1997 B123 Or.3</subfield>
    <subfield code="p">RUA033996</subfield>
    <subfield code="r">2015-11-04</subfield>
    <subfield code="w">2015-11-04</subfield>
    <subfield code="y">FOR</subfield>
  </datafield>
  <datafield tag="952" ind1=" " ind2=" ">
    <subfield code="0">0</subfield>
    <subfield code="1">0</subfield>
    <subfield code="2">ddc</subfield>
    <subfield code="4">0</subfield>
    <subfield code="6">FOR_SOK_1997_000000000000000_B123_OR_4</subfield>
    <subfield code="7">0</subfield>
    <subfield code="9">14751</subfield>
    <subfield code="a">LBB</subfield>
    <subfield code="b">LBB</subfield>
    <subfield code="c">B123</subfield>
    <subfield code="d">2015-11-04</subfield>
    <subfield code="o">FOR SOK 1997 B123 Or.4</subfield>
    <subfield code="p">RUA034375</subfield>
    <subfield code="r">2015-11-04</subfield>
    <subfield code="w">2015-11-04</subfield>
    <subfield code="y">FOR</subfield>
  </datafield>
  <datafield tag="952" ind1=" " ind2=" ">
    <subfield code="0">0</subfield>
    <subfield code="1">0</subfield>
    <subfield code="2">ddc</subfield>
    <subfield code="4">0</subfield>
    <subfield code="6">FOR_SOK_1997_000000000000000_B123_OR_5</subfield>
    <subfield code="7">0</subfield>
    <subfield code="9">14752</subfield>
    <subfield code="a">LBB</subfield>
    <subfield code="b">LBB</subfield>
    <subfield code="c">B123</subfield>
    <subfield code="d">2015-11-04</subfield>
    <subfield code="o">FOR SOK 1997 B123 Or.5</subfield>
    <subfield code="p">RUA034546</subfield>
    <subfield code="r">2015-11-04</subfield>
    <subfield code="w">2015-11-04</subfield>
    <subfield code="y">FOR</subfield>
  </datafield>
</record>
